000 00425nam a2200157Ia 4500
008 151213s9999 xx 000 0 und d
100 _aDavid Nichol Smith
245 _aSome Observation On Eighteenth Century Poetry
_cDavid Nichol Smith
250 _a2nd
260 _aLondon
_bUversity Of Torento Press
_c1960
300 _a6553 p.
650 _aEnglish
650 _aPoem
700 _aDavid Nichol Smith
999 _c3635
_d3635